000 00303nam a22001337a 4500
008 170816b xxu||||| |||| 00| 0 eng d
020 _a9780471509998
041 _aeng
080 _22ND
_a51
100 _a36
101 _aMAT
245 _aELEMENTARY NUMERICAL ANALYSIS
_cATKINSON,K
942 _2udc
_cBK
999 _c23753
_d23753